LEADER 01286nam a2200253 i 4500 001 000000190056 003 CaOOAMICUS 005 20180726000000.0 008 180726s1975 it u000 u lat u 013 $a168409 040 $aSeMil$bita 100 1 $aConradus : de Saxonia.$0(OLS)http://semarc/name/65622 245 10$aSpeculum seu salutatio Beatae Mariae Virginis ac Sermones mariani /$cConradus de Saxonia ; denuo edidit iuxta codices mss. Petrus De Alcantara Martinez. 260 $aGrottaferrata (Roma) :$bCollegii S. Bonaventurae,$c1975. 300 $a657 p. ;$c18 cm. 490 0 $aBibliotheca franciscana ascetica Medii Aevi ;$v11. 650 4$aMadonna - Predicazione.$0(OLS)http://semarc/subject/4832 650 4$aSermoni - Testi.$0(OLS)http://semarc/subject/4724 700 1 $aMartinez De Alcantara, Pedro .$0(OLS)http://semarc/name/93730 830 0$aBibliotheca franciscana ascetica Medii Aevi ;$v11.$0(OLS)http://semarc/title/19182 850 $aSeMil 852 $aSeMil$W1$xVenegono$y1$m2N III 711$j140687$B140687$CSeMilBibl$Z2$F152248 $81 996 $6245$aSpeculum seu salutatio Beatae Mariae Virginis ac Sermones mariani$9(OLS)http://semarc/title/409180 996 $6260$aGrottaferrata (Roma) :$bCollegii S. Bonaventurae$9(OLS)http://semarc/publisher/57361 LEADER 00601nab a2200133 i 4500 001 000000315259 003 CaOOAMICUS 005 20180831173147.0 008 180831n xx uu u0 0und r 013 $a24346 040 $aSeMil$bita 245 10$aVI Convegno di Teologia Pastorale per Sacerdoti organizzato dalla rivista «Studi Cattolici» Castello di Urio (Como), 20-23 luglio 1971. 773 0 $t[Gennaio-Dicembre].$g143$w()274278 996 $6245$aVI Convegno di Teologia Pastorale per Sacerdoti organizzato dalla rivista «Studi Cattolici» Castello di Urio (Como), 20-23 luglio 1971$9(OLS)http://semarc/title/389318